Report on consolidation of holdings in Madhya Pradesh (Record no. 66186)

MARC details
000 -LEADER
fixed length control field 00738cam a22002291 4500
001 - CONTROL NUMBER
control field sa 65009395
003 - CONTROL NUMBER IDENTIFIER
control field DLC
005 - DATE AND TIME OF LATEST TRANSACTION
control field 20260227112201.0
008 - FIXED-LENGTH DATA ELEMENTS--GENERAL INFORMATION
fixed length control field 880315s1962 ii ab 000 0 eng
010 ## - LIBRARY OF CONGRESS CONTROL NUMBER
LC control number sa 65009395
025 ## - OVERSEAS ACQUISITION NUMBER
Overseas acquisition number PL480:I-E-4421
035 ## - SYSTEM CONTROL NUMBER
System control number (OCoLC)17629456
040 ## - CATALOGING SOURCE
Original cataloging agency DLC
Transcribing agency WaU
Modifying agency DLC
042 ## - AUTHENTICATION CODE
Authentication code premarc
050 00 - LIBRARY OF CONGRESS CALL NUMBER
Classification number HD1481.I4
Item number J6
100 1# - MAIN ENTRY--PERSONAL NAME
Personal name Joglekar, N. M.
245 10 - TITLE STATEMENT
Title Report on consolidation of holdings in Madhya Pradesh
Remainder of title (pilot survey, 1956-57)
Statement of responsibility, etc. by N.M. Joglekar.
260 ## - PUBLICATION, DISTRIBUTION, ETC.
Place of publication, distribution, etc. [New Delhi]
Name of publisher, distributor, etc. Research Programmes Committee, Planning Commission
Date of publication, distribution, etc. [1962]
300 ## - PHYSICAL DESCRIPTION
Extent ix, 100 p.
Other physical details illus., maps.
Dimensions 25 cm.
500 ## - GENERAL NOTE
General note Cover title.
650 #0 - SUBJECT ADDED ENTRY--TOPICAL TERM
Topical term or geographic name entry element Consolidation of land holdings
Geographic subdivision India
-- Madhya Pradesh.

No items available.

Powered by Koha